000 00285nam a22001337a 4500
020 _a978-0582408074
041 _aENG
100 _aHawker.M.F.J
245 _aHorticultural Machinery
260 _aNew York
_bLongman
_c1985
300 _a180
650 _aFMP
856 _uFMP ( 04 )
999 _c1453
_d1453